书目信息 |
| 题名: |
园艺昆虫学
|
|
| 作者: | 韩召军 , 杜相革 , 徐志宏 主编 | |
| 分册: | ||
| 出版信息: | 北京 中国农业大学出版社 2008.01 |
|
| 页数: | 361页 | |
| 开本: | 23cm | |
| 丛书名: | ||
| 单 册: | ||
| 中图分类: | S436 | |
| 科图分类: | ||
| 主题词: | 园艺作物--yuan yi zuo wu--昆虫学 | |
| 电子资源: | ||
| ISBN: | 978-7-81117-230-0 | |
| 000 | 00933nam0 2200265 450 | |
| 001 | 012008019876 | |
| 005 | 20080807082016.48 | |
| 010 | @a978-7-81117-230-0@dCNY30.00 | |
| 100 | @a20080806d2008 em y0chiy0120 ea | |
| 101 | 0 | @achi |
| 102 | @aCN@b110000 | |
| 105 | @aa z 000yy | |
| 106 | @ar | |
| 200 | 1 | @a园艺昆虫学@Ayuan yi kun chong xue@f韩召军, 杜相革, 徐志宏主编@Fhan zhao jun,du xiang ge,xu zhi hong zhu bian |
| 205 | @a第2版 | |
| 210 | @a北京@c中国农业大学出版社@d2008.01 | |
| 215 | @a361页@c图@d23cm | |
| 330 | @a本书介绍了昆虫的外部形态、内部解剖结构、生物学特征、系统分类概况、发生与环境的关系、田间调查和预测预报方法以及害虫的防治原理和基本方法等。 | |
| 606 | 0 | @a园艺作物@Ayuan yi zuo wu@x昆虫学 |
| 690 | @aS436@v4 | |
| 701 | 0 | @a韩召军@Ahan zhao jun@4主编 |
| 701 | 0 | @a杜相革@Adu xiang ge@4主编 |
| 701 | 0 | @a徐志宏@Axu zhi hong@4主编 |
| 801 | 0 | @aCN@bQSSK@c20080807 |
| 905 | @b731863-65@dS436@eH102@f3 | |
| 园艺昆虫学/韩召军, 杜相革, 徐志宏主编.-第2版.-北京:中国农业大学出版社,2008.01 |
| 361页:图;23cm |
| ISBN 978-7-81117-230-0:CNY30.00 |
| 本书介绍了昆虫的外部形态、内部解剖结构、生物学特征、系统分类概况、发生与环境的关系、田间调查和预测预报方法以及害虫的防治原理和基本方法等。 |
| ● |
| 相关链接 |
|
|
|
正题名:园艺昆虫学
索取号:S436/H102
 
预约/预借
| 序号 | 登录号 | 条形码 | 馆藏地/架位号 | 状态 | 备注 |
| 1 | 731863 | 207318632 | 自科库401/401自科库 67排3列3层/ [索取号:S436/H102] | 在馆 | |
| 2 | 731864 | 207318641 | 自科库401/401自科库 67排3列3层/ [索取号:S436/H102] | 在馆 | |
| 3 | 731865 | 207318650 | 自科库401/401自科库 67排3列3层/ [索取号:S436/H102] | 在馆 |